000 00668nam a2200253Ia 4500
003 OSt
005 20221005050640.0
006 a|||||r|||| 00| 0
007 ta
008 221004b |||||||| |||| 00| 0 urd d
020 _cN5
024 _a30845
037 _cTextual
040 _aCRL
_cCRL
_burd
041 _2urd
_aurd
082 _aO168,3NAS1x, N5
100 _aAkhtar Sher Mohammad Au.
_9185285
245 0 _aBhanwar
260 _aLahore
_bMaktaba-e-Urdu India
_c1995
300 _a141p.
_ccm.
650 _aURDU FICTION
_93298
942 _hO168,3NAS1x, N5
_cTEXL
_2cc
999 _c957418
_d957418